Członkowie Bungee - Statystyki

Ogólne statystyki
  • Ten quiz został rozwiązany 185 razy
    183 od ostatniego zresetowania
  • Średni wynik to 10 z 13
Statystyki odpowiedzi
Członek % Poprawnych
Patryk "Bandura" Bandurski
100%
Dawid "Dżinold" Rzeźnik
99%
Wiktor "Wronek" Wronka
98%
Łukasz "Tuszol" Tuszyński
96%
Jakub "Merghani" Elsadig
94%
Amir "Amar" Nourain
89%
Dominik "Kaleson" Cybulski
71%
Alan "Gumiś" Walkowiak
67%
Bartek "Mork" Kończyk
61%
Patryk Pyka
57%
Jakub Ulfik
55%
Dawid "Majszi" Majchrzak
49%
Sebastian "Neex" Trela
44%
Nie znaleziono quizów pasujących do podanych kryteriów
Rozkład punktacji
Procent ludzi z każdym wynikiem
Percentyl według liczby udzielonych odpowiedzi
Twoja historia wyników
Nie rozwiązałeś tego quizu od ostatniego zresetowania